| 000 | 00826nam a2200217 a 4500 | ||
|---|---|---|---|
| 001 | 000015078 | ||
| 005 | 20200929163940.0 | ||
| 008 | 091202s1972 mx 001 f spa d | ||
| 040 |
_aDO-SdBNP _bspa _cBNPHU |
||
| 082 |
_a892.31 _bJ26j |
||
| 100 | 1 |
_aJalil Gibrán, Gibrán, _d1883-1931 _931804 |
|
| 245 | 1 | 0 |
_aJesús : _bel hijo del hombre, sus palabras y sus actos narrados por quienes lo conocieron / _cGibrán Jalil Gibrán, prólogo, Roberto Oropeza Martínez, prólogo del traductor, Sergio René Madero. |
| 260 |
_aMéxico : _bEdiciones Orion, _c1972. |
||
| 300 |
_a303p. ; _c19 cm. |
||
| 650 | 4 |
_aPoesía siria _934142 |
|
| 650 | 4 |
_aLiteratura siria _934143 |
|
| 700 | 1 |
_aOropeza Martínez, Roberto, _epról. _934144 |
|
| 700 | 1 |
_aRené Madero, Sergio, _etr. _934145 |
|
| 910 | _aCatalogación derivada | ||
| 049 | _aBNGR | ||
| 999 |
_c14650 _d14650 |
||